東京市の35区 - Statistics

General Stats
  • This quiz has been taken 579 times
  • The average score is 22 of 35
Answers on the Map
Answers color-coded by a green-red scale on the quiz's map according to % correct below.
 
Answer Stats
新旧 % Correct
新20区 世田谷せたがや
96%
新20区 江戸川えどがわ
94%
新20区 渋谷しぶや
91%
新20区 中野なかの
91%
新20区 足立あだち
91%
新20区 葛飾かつしか
90%
新20区 目黒めぐろ
89%
新20区 品川しながわ
88%
新20区 杉並すぎなみ
86%
新20区 豊島としま
85%
新20区 板橋いたばし
84%
新20区 蒲田かまた
83%
新20区 荒川あらかわ
81%
新20区 大森おおもり
77%
旧15区 浅草あさくさ
66%
旧15区 神田かんだ
64%
旧15区 日本橋にほんばし
61%
旧15区 四谷よつや
60%
旧15区 麹町こうじまち
57%
新20区 王子おうじ
56%
旧15区 しば
55%
旧15区 赤坂あかさか
54%
旧15区 麻布あざぶ
48%
旧15区 牛込うしごめ
48%
旧15区 本郷ほんごう
48%
旧15区 小石川こいしかわ
46%
旧15区 深川ふかがわ
46%
新20区 荏原えばら
44%
旧15区 京橋きょうばし
42%
旧15区 本所ほんじょ
42%
新20区 淀橋よどばし
42%
新20区 滝野川たきのがわ
40%
旧15区 下谷したや
33%
新20区 向島むこうじま
29%
新20区 城東じょうとう
29%
No matching quizzes found
Score Distribution
Percent of People with Each Score
Percentile by Number Answered
Your Score History
You have not taken this quiz